Central Library OPAC University of Rajshahi

Fiber-Optics Communication Systems / (Record no. 52964)

MARC details
000 -LEADER
fixed length control field 00828nam a2200277 a 4500
001 - CONTROL NUMBER
control field 52964
003 - CONTROL NUMBER IDENTIFIER
rucl marc code BD-RjUL
005 - DATE AND TIME OF LATEST TRANSACTION
control field 20211209075904.0
008 - FIXED-LENGTH DATA ELEMENTS--GENERAL INFORMATION
fixed length control field 161001s2002 nyua b 001 0 eng
020 ## - INTERNATIONAL STANDARD BOOK NUMBER
International Standard Book Number 9788126513864
035 ## - SYSTEM CONTROL NUMBER
System control number (BD-RjUL)53084
040 ## - CATALOGING SOURCE
Original cataloging agency DLC
Transcribing agency BD-RjUL
Language of cataloging eng
041 ## - LANGUAGE CODE
Language code of text/sound track or separate title eng
082 00 - DEWEY DECIMAL CLASSIFICATION NUMBER
Classification number 621.3827
Edition number 23
Author mark and year AGF 2002
100 1# - MAIN ENTRY--PERSONAL NAME
Personal name Agrawal, Govind P.
9 (RLIN) 117145
245 10 - TITLE STATEMENT
Title Fiber-Optics Communication Systems /
Statement of responsibility, etc. Govind P. Agrawal.
250 ## - EDITION STATEMENT
Edition statement 3rd ed.
260 ## - PUBLICATION, DISTRIBUTION, ETC. (IMPRINT)
Place of publication, distribution, etc. India :
Name of publisher, distributor, etc. Wiley,
Date of publication, distribution, etc. c2002 [reprinted 2008]
300 ## - PHYSICAL DESCRIPTION
Pagination xvii, 546 p. :
Illustrations ill. ;
Size 23 cm.
490 1# - SERIES STATEMENT
Series statement Optics and photonics
504 ## - BIBLIOGRAPHY, ETC. NOTE
Bibliography, etc Includes bibliographical references and index.
650 #0 - SUBJECT ADDED ENTRY--TOPICAL TERM
Topical term or geographic name as entry element Fiber optics.
9 (RLIN) 117146
Topical term or geographic name as entry element Optical communications.
9 (RLIN) 117147
830 #0 - SERIES ADDED ENTRY--UNIFORM TITLE
Uniform title Optics and photonics.
942 ## - ADDED ENTRY ELEMENTS (KOHA)
Source of classification or shelving scheme Dewey Decimal Classification
Koha item type Books
Holdings
Lost status Source of classification or shelving scheme Damaged status Not for loan Collection code Permanent Location Current Location Shelving location Date acquired Source of acquisition Cost, normal purchase price Total Checkouts Full call number Date last seen Copy number Koha item type
  Dewey Decimal Classification     Non-fiction Central Library, University of Rajshahi Central Library, University of Rajshahi   09/02/2011 Dhaka,Paragon Enterprise Lit., 449.00   621.3827 AGF 2008 01/10/2016 C-2 Books
  Dewey Decimal Classification   Not For Loan Non-fiction Central Library, University of Rajshahi Central Library, University of Rajshahi Reading Room 09/02/2011 Dhaka,Paragon Enterprise Lit., 449.00   621.3827 AGF 2008 02/05/2017 C-1 Books